| 000 | 00676nam1a22002171i 4500 | ||
|---|---|---|---|
| 001 | rc\3148380 | ||
| 005 | 20240726055049.0 | ||
| 035 | _a(NLR Aleph) 007279604 | ||
| 090 |
_a5495304 _c5495304 |
||
| 100 | _a20120615d1975 |||y0rusy50 ca | ||
| 101 | 0 | _arus | |
| 102 | _aRU | ||
| 105 | _ay z |||a| | ||
| 200 | 1 |
_aПьесы советских писателей _eВ 6 т. _f[Ред. коллегия: Т. Абдумомунов и др.] |
|
| 210 |
_aМосква _cИскусство _d1975 |
||
| 215 | _d21 | ||
| 702 | 1 |
_aАбдумомунов _bТ. _gТоктоболот _4340 |
|
| 801 | 0 |
_aRU _bNLR _gpsbo |
|
| 801 | 1 |
_aRU _bELAR _2rusmarc |
|
| 852 |
_aNLR _j72-3/10163 |
||
| 942 | _cBOOK | ||